000 00422nam a2200181Ia 4500
008 170705s9999 xx 000 0 und d
020 _a9780516269849
245 _aGrowing crystals /
245 _cAnn O. Squire
260 _aNew York :
260 _bChildren's Press,
260 _c2002
300 _a47 pages :
300 _bcolor illustration ;
300 _c21cm.
440 _aA true book.
500 _a960
999 _c336962
_d336962